000 00676nam a22002177a 4500
003 UA-OsUOA
001 44727
007 ta
008 20070306b un ||||| |||| 00| 0 ukr d
100 _aБацевич Ф.
090 _a81
_bБ-11
942 _cSA
040 _aUA-OsUOA
_bukr
_cUA-OsUOA
_dUA-OsUOA
245 _aФілософсько-меодологічні засади сучасної лінгвістики: спроба обгрунтування
300 _aС.33-41
955 _a0
041 _aukr
080 _a81
773 0 _w44726
650 7 _a8 Мовознавство. Художня література. Літературознавство
_2UDC
999 _c330853
_d330853